| 000 | 00342nam a2200133Ia 4500 | ||
|---|---|---|---|
| 008 | 210210b1983 xxu||||| |||| 00| 0 eng d | ||
| 082 | _a001.64 LITC | ||
| 100 | _aLITTERICK (Ian). | ||
| 245 | _aComputers in everyday life. | ||
| 260 |
_aEngland _bWayland publishers Ltd. _c1983 |
||
| 300 | _a47 | ||
| 690 | _aComputer Science | ||
| 906 | _a036984 | ||
| 999 |
_c87426 _d87426 |
||